[Event "FICGS class C 000197 email"]
[Site "FICGS email"]
[Date "2013.02.02"]
[Round "1"]
[White "Dikant, Christophe"]
[Black "Kuge, Tom"]
[Result "1-0"]
[WhiteElo "1640"]
[BlackElo "1633"]
[PlyCount "75"]
[EventDate "2013.??.??"]
[EventType "tourn (corr)"]
[EventRounds "4"]
[SourceTitle "Corr 2022"]
[Source "ChessBase"]
[SourceDate "2021.10.24"]
[SourceVersion "1"]
[SourceVersionDate "2021.10.24"]
[SourceQuality "1"]

1. d4 Nf6 2. Nf3 c5 3. e3 g6 4. Bd3 Nc6 5. c3 b6 6. 0-0 Bg7 7. Qe2 d6 8. Nbd2 0-0 9. Ne4 d5 10. Nxf6+ Bxf6 11. Rd1 Bb7 12. e4 cxd4 13. e5 Bg7 14. cxd4 Rc8 15. Bf4 Qd7 16. Qd2 Na5 17. b3 Nc6 18. Bh6 Qg4 19. h3 Qh5 20. Bf4 f5 21. Be2 g5 22. Nxg5 Qg6 23. h4 Nd8 24. Rac1 h5 25. Rxc8 Bxc8 26. Rc1 Ne6 27. Nxe6 Bxe6 28. Rc6 Rc8 29. Rxc8+ Bxc8 30. Qd1 Qc6 31. Bxh5 Ba6 32. Be2 Bxe2 33. Qxe2 Qc3 34. Qd2 Qa1+ 35. Kh2 Qf1 36. h5 e6 37. Qe3 Kh7 38. Qg3 1-0

[Event "FICGS class C 000197 email"]
[Site "FICGS email"]
[Date "2013.02.02"]
[Round "1"]
[White "Tomlin, Lincoln"]
[Black "Dikant, Christophe"]
[Result "1-0"]
[WhiteElo "1680"]
[BlackElo "1640"]
[PlyCount "65"]
[EventDate "2013.??.??"]
[EventType "tourn (corr)"]
[EventRounds "4"]
[SourceTitle "Corr 2022"]
[Source "ChessBase"]
[SourceDate "2021.10.24"]
[SourceVersion "1"]
[SourceVersionDate "2021.10.24"]
[SourceQuality "1"]

1. c4 d6 2. Nc3 g6 3. g3 Bg7 4. Bg2 c6 5. d4 e5 6. dxe5 dxe5 7. Qxd8+ Kxd8 8. b3 Bf5 9. Ba3 Nf6 10. 0-0-0+ Nbd7 11. h3 h5 12. e4 Be6 13. Nf3 Ne8 14. Kb1 f6 15. Nh4 Bf7 16. Rd3 Kc7 17. Rhd1 Nb8 18. Be7 Bf8 19. Bd8+ Kc8 20. f4 exf4 21. gxf4 Bb4 22. Kb2 Na6 23. a3 Bf8 24. Ba5 b6 25. Rd8+ Kb7 26. R8d7+ Nec7 27. Rxf7 g5 28. Ng6 Rg8 29. Rxf6 bxa5 30. e5 Rc8 31. Bxc6+ Kb8 32. Nxf8 Rgxf8 33. fxg5 1-0